00511nam a2200193 a 4500001001300000003000900013005001700022008004100039020001000080082001700090100002300107245004000130260004800170300000900218500003500227505001000262650002200272700002300294nice12345678IN_TiNIC20260116012404.0050524s1981 alia grp 000 0 urd  ac10000a297.63bGEE1 aGeelani, Syed Asad aRasool-E-Akram Ki Hikmat-E-Inqilaab aAligarhbCrescent Publishing Company,c1981 a679p aincludes index and biblioraphy2 aIndex aMuhammad, Prophet1 aGeelani, Syed Asad